| 000 | 00619nam a2200253Ia 4500 | ||
|---|---|---|---|
| 008 | 160620s9999||||xx |||||||||||||| ||und|| | ||
| 040 | _cEnglish | ||
| 082 | _aXI.B Aslan | ||
| 082 | _bBORI-69362 | ||
| 100 | _aKevork Aslan | ||
| 245 | _aArmenia And The Armenians | ||
| 300 | _aXXiX+138 | ||
| 300 | _cA | ||
| 300 | _eHardbound | ||
| 530 | _u00069362.pdf | ||
| 563 | _aStudy | ||
| 600 | _aKevork Aslan | ||
| 630 | _aArmenia And The Armenians | ||
| 650 | _a"Social History,Culture" | ||
| 650 | _aGeneral Indology | ||
| 700 | _aKevork Aslan | ||
| 730 | _aArmenia And The Armenians | ||
| 942 | _cBOOK | ||
| 999 |
_c1391639 _d1391636 |
||